000 00350nam a2200133Ia 4500
008 240624s9999 xx 000 0 und d
041 _aeng
082 _a658.4092 GAD
100 _aGADKARI S S
245 _aINNOVATIONS IN PUBLIC ADMINISTRATION
260 _c2001
_aNew Delhi
_bAllied Publisher
300 _axxiii, : 125 : p. : cm. ; 25
365 _cRS
999 _c3105
_d3105